LEADER 00882nam a2200229 u 4500 001 000000018724 003 CaOOAMICUS 005 20070226110716.0 008 950116s1959 it u000 u ita u 035 $a10444939 040 $aPUL$bita 100 1 $aLeloir, Louis,$cO.S.B.,$d1911-1992.$0(OLS)http://pul/name/38 245 17$a... La Bibbia scuola di preghiera. 260 $aMilano :$b[s.n.],$c1959. 300 $a44 p. ;$c24 cm 490 1 $aQuaderni della rivista "Bibbia e Oriente", ;$vN. 1 630 04$aBiblia$xLettura.$0(OLS)http://pul/subject/12789 850 $aPUL 852 $aPUL$W1$xDP1 Fondo Cecchetti$y53$m263 B 34$j26357$nBK-PRI$b $qFondi$B26357$CPULBib$Z2$F26357 $H413 $81 941 1 $a1 996 $6245$a... La Bibbia scuola di preghiera$9(OLS)http://pul/title/26616 996 $6260$aMilano :$b[s.n.]$9(OLS)http://pul/publisher/48974 LEADER 01390nam a2200301 u 4500 001 000000037687 003 CaOOAMICUS 005 20070226113807.0 008 980415s1935 fr u000 u fre u 035 $a10790409 040 $aPUL(R)$bita 041 1 $afre$hpol 110 1 $aPolonia.$0(OLS)http://pul/name/28251 240 10$aLeggi, ecc.$9(Polonia).$lFrancese.$0(OLS)http://pul/title/51263 245 10$aCode des obligations de la république de Pologne /$ctraduit par Stefan Sieczkowski et Jean Wasikowski ; avec la collaboration de Henri Mazeaud ... ; préface de M. Henri Capitant .. 260 $aParis :$blibrairie du recueil Sirey,$c1935. 300 $axx, 188 p. ;$c23 cm 500 $aContiene indici. 650 4$aDiritto civile$zPolonia.$0(OLS)http://pul/subject/5470 700 1 $aSieczkowski, Stefan.$0(OLS)http://pul/name/28252 700 1 $aCapitant, Henri,$dn. 1865.$0(OLS)http://pul/name/28255 700 1 $aMazeaud, Henri Leon.$0(OLS)http://pul/name/28254 700 1 $aWasilkowski, Jean.$0(OLS)http://pul/name/28253 850 $aPUL 852 $aPUL$W1$xDP2 Diritto e Scienze Sociali 1$y65$m170 A 21$j51492$nBK-PRI$qStampati$B51492$CPULBib$Z2$F51492 $82 941 1 $a8 996 $6245$aCode des obligations de la république de Pologne$9(OLS)http://pul/title/51264 996 $6260$aParis :$blibrairie du recueil Sirey$9(OLS)http://pul/publisher/63414